LEADER 01179nam a2200265 i 4500 001 000000205150 003 CaOOAMICUS 005 20110817000000.0 008 110817s1967 it u000 u ita u 013 $a183886 040 $aSeMil$bita 240 10$aGriechen und Perser.$0(OLS)http://semarc/title/296982 245 10$aGreci e Persiani :$bil mondo mediterraneo nell'antichità 1. /$ca cura di Hermann Bengtson. 260 $aMilano :$bFeltrinelli,$ccopyr. 1967. 300 $a405 p. :$bill. ;$c20 cm. 490 0 $aStoria universale Feltrinelli ;$v5 500 $aContiene : Bibliografia ; Indice delle cartine. 650 4$aGrecia antica.$0(OLS)http://semarc/subject/270 650 4$aPersiani.$0(OLS)http://semarc/subject/31167 700 1 $aBengtson, Hermann.$0(OLS)http://semarc/name/73851 830 0$aStoria universale Feltrinelli ;$v5.$0(OLS)http://semarc/title/5791 850 $aSeMil 852 $aSeMil$W1$xVenegono$y1$m3V II 151$j155644$B155644$CSeMilBibl$Z2$F166944 $81 996 $6245$aGreci e Persiani :$bil mondo mediterraneo nell'antichità 1.$9(OLS)http://semarc/title/296981 996 $6260$aMilano :$bFeltrinelli$9(OLS)http://semarc/publisher/30237 LEADER 01080nam a2200217 i 4500 001 000000208272 003 CaOOAMICUS 005 20111116000000.0 008 111116s1880 it u000 u ita u 013 $a187056 040 $aSeMil$bita 100 1 $aFornaciari, Raffaello,$d<1837-1917>.$0(OLS)http://semarc/name/15612 245 10$aGrammatica italiana dell'uso moderno :$bscrittura e pronunzia, parti del discorso e flessioni, formazione delle parole, metrica /$ccompilata da Raffaello Fornaciari. 250 $a2. Ed. 260 $aIn Firenze :$bG. C. Sansoni,$c1880. 300 $aXXXV, 359 p. ;$c21 cm. 650 4$aLingua italiana - Grammatica - Opere anteriori al 1900.$0(OLS)http://semarc/subject/39005 850 $aSeMil 852 $aSeMil$W1$xVenegono$y1$m1T V 25 FA$j158730$B158730$CSeMilBibl$Z2$F169893 $8I 996 $6245$aGrammatica italiana dell'uso moderno :$bscrittura e pronunzia, parti del discorso e flessioni, formazione delle parole, metrica$9(OLS)http://semarc/title/301185 996 $6260$aIn Firenze :$bG. C. Sansoni$9(OLS)http://semarc/publisher/36575